|
|
|
|
| LEADER |
00000nam0a2200000 4500 |
| 001 |
224132 |
| 005 |
20231101230554.0 |
| 010 |
|
|
|b 5000 экз.
|
| 035 |
|
|
|a (RuTPU)RU\TPU\book\244419
|
| 090 |
|
|
|a 224132
|
| 100 |
|
|
|a 20121019d1945 k y0rusy50 ca
|
| 101 |
0 |
|
|a rus
|
| 102 |
|
|
|a RU
|
| 105 |
|
|
|a ac z 001zy
|
| 200 |
1 |
|
|a Геометрические исследования по теории параллельных линий
|f Н. И. Лобачевский
|g Академия наук СССР (АН СССР) ; перевод, комментарии, вступительные статьи и примечания профессора В. Ф. Кагана
|
| 210 |
|
|
|a Москва
|a Ленинград
|c Изд-во Академии наук СССР
|d 1945
|
| 215 |
|
|
|a 176 с.
|c портр.
|
| 320 |
|
|
|a Библиогр.: с. 174-175
|
| 320 |
|
|
|a Важнейшие даты в жизни Н. И. Лобачевского: с. 173-174
|
| 320 |
|
|
|a Приложения: №№ I-VII.
|
| 600 |
|
1 |
|a Лобачевский
|g Николай Иванович
|c российский математик
|f 1792-1856
|b Н. И.
|2 stltpush
|3 (RuTPU)RU\TPU\pers\981
|
| 610 |
1 |
|
|a геометрия Лобачевского
|
| 675 |
|
|
|a 514.13
|v 3
|
| 700 |
|
1 |
|a Лобачевский
|b Н. И.
|c российский математик
|f 1792-1856
|g Николай Иванович
|2 stltpush
|3 (RuTPU)RU\TPU\pers\981
|9 435
|
| 702 |
|
1 |
|a Каган
|b В. Ф.
|c российский математик
|c профессор МГУ
|f 1869-1953
|g Вениамин Федорович
|2 stltpush
|3 (RuTPU)RU\TPU\pers\15032
|4 080
|4 730
|9 5134
|
| 712 |
0 |
2 |
|a Академия наук СССР (АН СССР)
|2 stltpush
|3 (RuTPU)RU\TPU\col\722
|
| 801 |
|
1 |
|a RU
|b 63413507
|c 20121019
|
| 801 |
|
2 |
|a RU
|b 63413507
|c 20180613
|g RCR
|
| 942 |
|
|
|c BK
|